[Event "November Lviv Tradition (IM-group A)"]
[Site "Lviv"]
[Date "2017.11.06"]
[Round "1.1"]
[White "Zgadzaj, Rafal"]
[Black "Bykovskiy, Oleg"]
[Result "1/2-1/2"]
[WhiteElo "2133"]
[BlackElo "2249"]
[PlyCount "102"]
[EventDate "2017.11.06"]
[EventType "tourn"]
[EventRounds "9"]
[EventCountry "UKR"]
[EventCategory "1"]

1. c4 e6 2. Nf3 Nf6 3. b3 d5 4. Bb2 Be7 5. e3 O-O 6. Be2 dxc4 7. bxc4 c5 8. O-O
Nc6 9. d4 b6 10. Nc3 cxd4 11. exd4 Na5 12. Ne5 Bb7 13. Rc1 Rc8 14. Nb5 a6 15.
Nc3 Nd7 16. Nxd7 Qxd7 17. Na4 Rfd8 18. c5 bxc5 19. Nxc5 Bxc5 20. Rxc5 Nc6 21.
Qb3 Ne7 22. Rfc1 Nf5 23. Rxc8 Rxc8 24. Rxc8+ Qxc8 25. Qc4 Qa8 26. Bf1 a5 27. a4
Bd5 28. Qc5 Bc6 29. Qc4 Nd6 30. Qc2 h6 31. Bc3 Nf5 32. Qd2 Nh4 33. Qf4 Nf5 34.
Qe5 Bd5 35. Qc7 Bb3 36. Qxa5 Qxa5 37. Bxa5 Bxa4 38. Bb6 Bc6 39. Bd3 Nh4 40. f3
f5 41. Bd8 g5 42. Kf2 Kf7 43. h3 Bd5 44. Be2 Ng6 45. g3 f4 46. Bd3 fxg3+ 47.
Kxg3 Nf4 48. Bb5 Kg6 49. h4 Kf5 50. hxg5 hxg5 51. Bc7 Bb7 1/2-1/2

[Event "November Lviv Tradition (IM-group A)"]
[Site "Lviv"]
[Date "2017.11.06"]
[Round "1.2"]
[White "Krzywda, Andrzej"]
[Black "Martynkova, Olena"]
[Result "1/2-1/2"]
[WhiteElo "2174"]
[BlackElo "2261"]
[PlyCount "116"]
[EventDate "2017.11.06"]
[EventType "tourn"]
[EventRounds "9"]
[EventCountry "UKR"]
[EventCategory "1"]

1. e4 c5 2. Nf3 e6 3. d4 cxd4 4. Nxd4 Nc6 5. Nc3 Qc7 6. Be3 a6 7. a3 Nf6 8. f4
d6 9. Qf3 Be7 10. O-O-O Bd7 11. Nb3 Rc8 12. g4 h6 13. h4 h5 14. g5 Ng4 15. Bh3
Nxe3 16. Qxe3 g6 17. Kb1 Na5 18. Nxa5 Qxa5 19. Qd4 O-O 20. f5 Rfd8 21. Rhf1 Qc5
22. fxg6 fxg6 23. e5 Qxd4 24. Rxd4 d5 25. Ne4 Rf8 26. Nf6+ Bxf6 27. gxf6 Rc5
28. Rg1 Kf7 29. c3 Rfc8 30. Rg3 Bb5 31. Rf3 Rc4 32. Rff4 Rxd4 33. Rxd4 g5 34.
hxg5 Rg8 35. a4 Bc6 36. Rf4 Bd7 37. c4 Rxg5 38. cxd5 Rxe5 39. dxe6+ Bxe6 40.
Bxe6+ Rxe6 41. Rf5 Re1+ 42. Kc2 Rh1 43. Kb3 h4 44. Kb4 h3 45. Rh5 Kxf6 46. Ka5
Kg6 47. Rh8 Kg5 48. Kb6 Kg4 49. Kxb7 a5 50. Kb6 Rb1 51. Kxa5 Rxb2 52. Ka6 Kg3
53. a5 Rb4 54. Rxh3+ Kxh3 55. Ka7 Kg4 56. a6 Kf5 57. Ka8 Ke6 58. a7 Ra4 1/2-1/2

[Event "November Lviv Tradition (IM-group A)"]
[Site "Lviv"]
[Date "2017.11.06"]
[Round "1.4"]
[White "Sevostianov, Pavel"]
[Black "Shpanko, Nadiia"]
[Result "1/2-1/2"]
[WhiteElo "2264"]
[BlackElo "2085"]
[PlyCount "112"]
[EventDate "2017.11.06"]
[EventType "tourn"]
[EventRounds "9"]
[EventCountry "UKR"]
[EventCategory "1"]

1. e4 c5 2. Nf3 d6 3. Bb5+ Nd7 4. d4 cxd4 5. Qxd4 a6 6. Be2 Ngf6 7. c4 b6 8.
Nc3 Bb7 9. O-O g6 10. e5 Bxf3 11. exf6 e5 12. Bxf3 exd4 13. Re1+ Ne5 14. Bc6+
Qd7 15. Bxd7+ Kxd7 16. Nd5 Rb8 17. b3 b5 18. Bg5 bxc4 19. bxc4 Nxc4 20. Red1
Na3 21. Rd3 Rb5 22. Rxa3 Rxd5 23. h4 h6 24. Bd2 Ke6 25. Rxa6 Kxf6 26. Ra8 Bg7
27. Rxh8 Bxh8 28. a4 Rc5 29. a5 Rc8 30. Bxh6 Ke6 31. a6 Ra8 32. Kf1 Kd7 33. a7
Bf6 34. Bg5 Bxg5 35. hxg5 Kc6 36. Ra6+ Kb5 37. Rxd6 Rxa7 38. Rxd4 Kc5 39. Rd2
Re7 40. g3 Re5 41. f4 Rd5 42. Re2 Rd3 43. Kg2 Kd6 44. Kh3 Kd7 45. Re4 Rc3 46.
Kh4 Rd3 47. Re5 Rf3 48. Kh3 Kd6 49. Kg2 Ra3 50. Re4 Rb3 51. Kf2 Ra3 52. Kg2 Rb3
53. Kh3 Ra3 54. Kh4 Rb3 55. g4 Rf3 56. Ra4 Ke7 1/2-1/2

[Event "November Lviv Tradition (IM-group A)"]
[Site "Lviv"]
[Date "2017.11.06"]
[Round "1.5"]
[White "Kryvoruchko, Vita"]
[Black "Bogdanov, Egor"]
[Result "1/2-1/2"]
[WhiteElo "2148"]
[BlackElo "2317"]
[PlyCount "103"]
[EventDate "2017.11.06"]
[EventType "tourn"]
[EventRounds "9"]
[EventCountry "UKR"]
[EventCategory "1"]

1. d4 Nf6 2. c4 g6 3. g3 Bg7 4. Bg2 O-O 5. Nc3 d6 6. Nf3 Nc6 7. Bf4 Nd7 8. e4
Nxd4 9. Nxd4 e5 10. Be3 exd4 11. Bxd4 Ne5 12. O-O c5 13. Bxe5 Bxe5 14. Qd2 Qa5
15. Rfc1 Be6 16. b3 Rae8 17. Rc2 f5 18. Re1 f4 19. Nd5 Qxd2 20. Rxd2 Bxd5 21.
Rxd5 Rf6 22. Red1 Bd4 23. gxf4 Rxf4 24. Rxd6 Ref8 25. Rf1 Bxf2+ 26. Kh1 Bd4 27.
Rxf4 Rxf4 28. Rd8+ Kg7 29. Rd7+ Rf7 30. Rxf7+ Kxf7 31. e5 Ke6 32. Bxb7 Kxe5 33.
Kg2 Kf4 34. a4 Ke3 35. a5 Kd3 36. a6 Kc3 37. Bc6 Kxb3 38. Bb5 Kc3 39. Kf3 Kd3
40. h3 Be5 41. Kg4 Bf6 42. Kf3 Kd4 43. Kf4 h5 44. Kf3 g5 45. Kf2 Be5 46. Kf3
Bc7 47. Kf2 g4 48. hxg4 hxg4 49. Kg2 g3 50. Kf3 Kd3 51. Kg2 Ke2 52. Bc6 1/2-1/2

[Event "November Lviv Tradition (IM-group A)"]
[Site "Lviv"]
[Date "2017.11.07"]
[Round "2.1"]
[White "Bykovskiy, Oleg"]
[Black "Bogdanov, Egor"]
[Result "1/2-1/2"]
[WhiteElo "2249"]
[BlackElo "2317"]
[PlyCount "226"]
[EventDate "2017.11.06"]
[EventType "tourn"]
[EventRounds "9"]
[EventCountry "UKR"]
[EventCategory "1"]

1. e4 c5 2. c3 Nf6 3. e5 Nd5 4. Bc4 e6 5. Nf3 d6 6. d4 cxd4 7. cxd4 Nc6 8. O-O
Be7 9. Qe2 O-O 10. Nc3 Nxc3 11. bxc3 dxe5 12. dxe5 b6 13. Qe4 Qc7 14. Bg5 Bb7
15. Bd3 g6 16. Qe3 Nxe5 17. Nxe5 Bxg5 18. Qxg5 f6 19. Qg4 fxe5 20. Rae1 Rae8
21. Re3 Re7 22. Rfe1 Bd5 23. c4 Rf4 24. Qg5 Bxc4 25. Rxe5 Ref7 26. Rc1 Qd6 27.
Bxc4 Rxc4 28. Rce1 Qd4 29. R5e2 Qf4 30. Qd8+ Kg7 31. f3 Qf6 32. Qd3 Rd4 33. Qb3
Re7 34. Rxe6 Rxe6 35. Rxe6 Rd1+ 36. Qxd1 Qxe6 37. g4 Qxa2 38. Qd4+ Kf7 39. Qd7+
Kf6 40. Qxh7 Qf7 41. Qh8+ Ke6 42. Kg2 b5 43. Qd4 Qb7 44. g5 b4 45. Qf6+ Kd7 46.
Qf7+ Kc8 47. Qxg6 b3 48. Qe8+ Kc7 49. Qe5+ Kc6 50. Qc3+ Kd6 51. g6 b2 52. g7
Qb8 53. Qf6+ Kd5 54. Qf7+ Ke5 55. g8=Q Qxg8+ 56. Qxg8 b1=Q 57. Qg5+ Ke6 58.
Qe3+ Kf6 59. Qxa7 Qg6+ 60. Kh1 Qd3 61. Qb6+ Ke5 62. Kg2 Qc4 63. Qe3+ Kf5 64.
Qd2 Qg8+ 65. Kf2 Qc4 66. h3 Qc5+ 67. Kg2 Qa7 68. Qd5+ Kg6 69. h4 Qa1 70. Qg5+
Kh7 71. h5 Qe1 72. Qg6+ Kh8 73. Qe4 Qd2+ 74. Kh3 Qd7+ 75. Qg4 Qd1 76. Kg3 Qe1+
77. Kf4 Qd2+ 78. Ke5 Qc3+ 79. Kd5 Qb3+ 80. Kd6 Qb6+ 81. Ke5 Qc5+ 82. Kf6 Qf8+
83. Kg5 Qd8+ 84. Kf4 Qd4+ 85. Kg3 Qg1+ 86. Kh4 Qe1+ 87. Qg3 Qe7+ 88. Kh3 Qe2
89. h6 Qf1+ 90. Kh4 Qh1+ 91. Kg4 Kh7 92. Qf4 Qg2+ 93. Kf5 Qg6+ 94. Ke5 Qe8+ 95.
Kd4 Qd8+ 96. Ke4 Qe8+ 97. Kd3 Qb5+ 98. Ke3 Qc5+ 99. Ke2 Qb5+ 100. Kf2 Qc5+ 101.
Qe3 Qh5 102. Qe6 Qh4+ 103. Ke2 Qh2+ 104. Kd3 Qh1 105. Ke4 Qb1+ 106. Ke5 Qb2+
107. Kf5 Qb5+ 108. Kf4 Qf1 109. Qf6 Qc1+ 110. Ke4 Qc2+ 111. Ke5 Qc3+ 112. Ke6
Qc6+ 113. Ke7 Qc7+ 1/2-1/2

[Event "November Lviv Tradition (IM-group A)"]
[Site "Lviv"]
[Date "2017.11.07"]
[Round "2.2"]
[White "Shpanko, Nadiia"]
[Black "Kryvoruchko, Vita"]
[Result "1-0"]
[WhiteElo "2085"]
[BlackElo "2148"]
[PlyCount "71"]
[EventDate "2017.11.06"]
[EventType "tourn"]
[EventRounds "9"]
[EventCountry "UKR"]
[EventCategory "1"]

1. d4 Nf6 2. c4 e6 3. Nf3 d5 4. g3 Be7 5. Bg2 O-O 6. O-O Nbd7 7. Qc2 c6 8. Nbd2
b6 9. e4 dxe4 10. Nxe4 Nxe4 11. Qxe4 Bb7 12. Rd1 Rc8 13. Bf4 a5 14. Qc2 b5 15.
c5 Nf6 16. Ng5 h6 17. Ne4 Nxe4 18. Qxe4 b4 19. a3 bxa3 20. bxa3 Ba6 21. Qc2 Qd7
22. Rab1 Bd8 23. Bd6 Re8 24. Rb2 g6 25. Rdb1 h5 26. Rb8 Rxb8 27. Rxb8 Bf6 28.
Rb6 Bb7 29. Qb3 Ba8 30. Qa4 Rc8 31. Ra6 Bb7 32. Ra7 Be7 33. Qxa5 Bxd6 34. cxd6
h4 35. Qb6 Rb8 36. Qc7 1-0

[Event "November Lviv Tradition (IM-group A)"]
[Site "Lviv"]
[Date "2017.11.07"]
[Round "2.3"]
[White "Shkuran, Danylo"]
[Black "Sevostianov, Pavel"]
[Result "1/2-1/2"]
[WhiteElo "2403"]
[BlackElo "2264"]
[PlyCount "65"]
[EventDate "2017.11.06"]
[EventType "tourn"]
[EventRounds "9"]
[EventCountry "UKR"]
[EventCategory "1"]

1. d4 Nf6 2. Nf3 g6 3. Bf4 Bg7 4. e3 O-O 5. h3 d6 6. Be2 Nc6 7. Nc3 Nd7 8. O-O
e5 9. Bg5 f6 10. Bh4 Kh8 11. Qd2 g5 12. Bg3 f5 13. dxe5 Ndxe5 14. Rad1 Be6 15.
b3 a6 16. Nd5 Nxf3+ 17. Bxf3 Ne5 18. Be2 c6 19. Nb4 d5 20. Nd3 Nxd3 21. Bxd3
Qe7 22. c4 Rad8 23. Qe2 dxc4 24. Bxc4 Bxc4 25. Qxc4 h6 26. Qc2 Rf7 27. Rd3 Rxd3
28. Qxd3 Kh7 29. Rd1 Kg6 30. Bb8 h5 31. g4 hxg4 32. hxg4 Qe4 33. Qxe4 1/2-1/2

[Event "November Lviv Tradition (IM-group A)"]
[Site "Lviv"]
[Date "2017.11.07"]
[Round "2.4"]
[White "Martynkova, Olena"]
[Black "Anwesh, Upadhyaya"]
[Result "0-1"]
[WhiteElo "2261"]
[BlackElo "2368"]
[PlyCount "124"]
[EventDate "2017.11.06"]
[EventType "tourn"]
[EventRounds "9"]
[EventCountry "UKR"]
[EventCategory "1"]

1. d4 Nf6 2. c4 e6 3. g3 d5 4. Nf3 g6 5. Bg2 Bg7 6. O-O O-O 7. Qc2 b6 8. cxd5
exd5 9. Bf4 Na6 10. Nc3 c6 11. Ne5 Bb7 12. Qa4 Qe8 13. Rfe1 Nh5 14. e4 Nxf4 15.
gxf4 dxe4 16. Nxe4 Qd8 17. Rad1 Nb8 18. Qa3 Bc8 19. Nd6 Be6 20. Nxc6 Nxc6 21.
Bxc6 Rb8 22. Bg2 Bg4 23. Rd3 Qf6 24. h3 Bd7 25. d5 Rfd8 26. Ne4 Qxb2 27. Qe7
Bf5 28. Rd2 Qb5 29. Nd6 Qd7 30. Nxf5 Qxf5 31. Rde2 Qxf4 32. Re4 Qd6 33. Qxd6
Rxd6 34. Re8+ Rxe8 35. Rxe8+ Bf8 36. Rc8 Rf6 37. Rc6 Rf4 38. Rc2 Rd4 39. Kf1
Bc5 40. Ke2 Kf8 41. Rc3 Ke7 42. Re3+ Kf8 43. Rd3 Rf4 44. Bf3 Ke7 45. Kf1 Kd6
46. Kg2 a5 47. Rd2 Ra4 48. Rb2 Rd4 49. Kg3 a4 50. Re2 a3 51. Be4 b5 52. f3 Rb4
53. f4 f5 54. Bg2 Rb2 55. Bf1 b4 56. Rxb2 axb2 57. Bd3 Kxd5 58. Kf3 Kd4 59. Bb1
Kc3 60. Ke2 Bb6 61. h4 h5 62. Bd3 Bd8 0-1

[Event "November Lviv Tradition (IM-group A)"]
[Site "Lviv"]
[Date "2017.11.07"]
[Round "2.5"]
[White "Zgadzaj, Rafal"]
[Black "Krzywda, Andrzej"]
[Result "1/2-1/2"]
[WhiteElo "2133"]
[BlackElo "2174"]
[PlyCount "65"]
[EventDate "2017.11.06"]
[EventType "tourn"]
[EventRounds "9"]
[EventCountry "UKR"]
[EventCategory "1"]

1. e4 e5 2. Nf3 Nc6 3. Bb5 Nf6 4. O-O Nxe4 5. d4 Nd6 6. Bxc6 dxc6 7. dxe5 Nf5
8. Qxd8+ Kxd8 9. h3 Ke8 10. Nc3 h5 11. Bf4 Be7 12. Rad1 Be6 13. Ng5 Rh6 14. g3
Bxg5 15. Bxg5 Rg6 16. h4 f6 17. exf6 gxf6 18. Bf4 Rc8 19. Kh2 Kf7 20. Ne4 b6
21. Rfe1 Rgg8 22. a3 Rge8 23. b3 Re7 24. Nc3 Rce8 25. Rd2 Bc8 26. Rxe7+ Rxe7
27. Re2 Be6 28. Rd2 a6 29. Kg2 Ke8 30. Kf1 Rd7 31. Ne4 Rxd2 32. Bxd2 Nd4 33.
Nxf6+ 1/2-1/2

[Event "November Lviv Tradition (IM-group A)"]
[Site "Lviv"]
[Date "2017.11.07"]
[Round "3.1"]
[White "Krzywda, Andrzej"]
[Black "Bykovskiy, Oleg"]
[Result "1-0"]
[WhiteElo "2174"]
[BlackElo "2249"]
[PlyCount "69"]
[EventDate "2017.11.06"]
[EventType "tourn"]
[EventRounds "9"]
[EventCountry "UKR"]
[EventCategory "1"]

1. e4 b6 2. d4 Bb7 3. Nc3 e6 4. Bd3 Bb4 5. Nf3 Nf6 6. Qe2 d5 7. exd5 Bxc3+ 8.
bxc3 Qxd5 9. O-O O-O 10. a4 Nbd7 11. a5 Qh5 12. Nd2 Qxe2 13. Bxe2 c5 14. Bb5
Rfc8 15. Nc4 Bc6 16. Bxc6 Rxc6 17. axb6 Nxb6 18. Nxb6 Rxb6 19. dxc5 Rc6 20. Ra5
Ne4 21. Be3 Nxc3 22. Rfa1 a6 23. Kf1 e5 24. R1a3 Nd5 25. Bd2 Nc7 26. Rb3 Ne6
27. Be3 Rac8 28. Rb6 Nd4 29. Bxd4 exd4 30. Rbxa6 Rxa6 31. Rxa6 Kf8 32. c6 Ke7
33. Ke2 Kd6 34. Kd3 Kc5 35. Ra4 1-0

[Event "November Lviv Tradition (IM-group A)"]
[Site "Lviv"]
[Date "2017.11.07"]
[Round "3.2"]
[White "Anwesh, Upadhyaya"]
[Black "Zgadzaj, Rafal"]
[Result "1/2-1/2"]
[WhiteElo "2368"]
[BlackElo "2133"]
[PlyCount "120"]
[EventDate "2017.11.06"]
[EventType "tourn"]
[EventRounds "9"]
[EventCountry "UKR"]
[EventCategory "1"]

1. c4 g6 2. g3 Bg7 3. Bg2 c5 4. Nc3 Nc6 5. Nf3 Nf6 6. d4 cxd4 7. Nxd4 O-O 8.
O-O d6 9. h3 Bd7 10. Nxc6 Bxc6 11. e4 a5 12. Qe2 Nd7 13. Bg5 Bxc3 14. bxc3 a4
15. Rad1 Ra5 16. h4 Re8 17. Be3 Qc7 18. f4 b5 19. h5 bxc4 20. hxg6 hxg6 21.
Qxc4 Rc8 22. Rfe1 Nf6 23. Bd4 e5 24. Bf2 Ng4 25. Bf3 Nxf2 26. Kxf2 Rc5 27. Qd3
Bb5 28. Qxd6 Qa7 29. Kg2 Rxc3 30. Rd2 Rc2 31. fxe5 Qc5 32. Red1 Qe3 33. e6 Bf1+
34. Kxf1 Qxf3+ 35. Kg1 Rxd2 36. exf7+ Kxf7 37. Qxd2 Qxg3+ 38. Qg2 Qxg2+ 39.
Kxg2 Rc2+ 40. Kg3 Rxa2 41. Rd5 a3 42. Ra5 Ra1 43. Ra6 Ke7 44. Kg2 g5 45. Kh2
Kd7 46. e5 Ke7 47. Kg2 g4 48. Kh2 a2 49. Kg2 g3 50. e6 Kf6 51. e7+ Kxe7 52. Ra8
Kd7 53. Ra3 Kc6 54. Ra8 Kb6 55. Ra3 Kb5 56. Ra8 Kb4 57. Rb8+ Kc3 58. Rc8+ Kb2
59. Rb8+ Kc3 60. Rc8+ Kb2 1/2-1/2

[Event "November Lviv Tradition (IM-group A)"]
[Site "Lviv"]
[Date "2017.11.07"]
[Round "3.3"]
[White "Sevostianov, Pavel"]
[Black "Martynkova, Olena"]
[Result "0-1"]
[WhiteElo "2264"]
[BlackElo "2261"]
[PlyCount "78"]
[EventDate "2017.11.06"]
[EventType "tourn"]
[EventRounds "9"]
[EventCountry "UKR"]
[EventCategory "1"]

1. c4 Nf6 2. Nc3 g6 3. e4 d6 4. d4 Bg7 5. f3 O-O 6. Nge2 c5 7. d5 e6 8. Ng3
exd5 9. cxd5 h5 10. Bg5 Qb6 11. Qd2 Nh7 12. Be3 Nd7 13. Nge2 Ne5 14. Nf4 Bd7
15. Be2 a6 16. O-O Qa5 17. a4 Qb4 18. Rfc1 Rfb8 19. Nd3 Nxd3 20. Bxd3 b5 21. a5
Bd4 22. Kh1 Bxe3 23. Qxe3 Qxb2 24. Ra2 Qb4 25. f4 Nf6 26. e5 Ng4 27. Qg3 dxe5
28. fxe5 h4 29. Qxh4 Nxe5 30. Ne4 Nxd3 31. Rf1 Bf5 32. Nf6+ Kg7 33. Qg5 Rh8 34.
Re2 Qh4 35. Ne8+ Raxe8 36. Qxh4 Rxh4 37. Rxe8 Rd4 38. Ra8 Nb4 39. Ra7 Rxd5 0-1

[Event "November Lviv Tradition (IM-group A)"]
[Site "Lviv"]
[Date "2017.11.07"]
[Round "3.4"]
[White "Kryvoruchko, Vita"]
[Black "Shkuran, Danylo"]
[Result "0-1"]
[WhiteElo "2148"]
[BlackElo "2403"]
[PlyCount "76"]
[EventDate "2017.11.06"]
[EventType "tourn"]
[EventRounds "9"]
[EventCountry "UKR"]
[EventCategory "1"]

1. d4 Nf6 2. c4 g6 3. g3 Bg7 4. Bg2 O-O 5. Nc3 d6 6. Nf3 Nbd7 7. O-O e5 8. e4
exd4 9. Nxd4 Nc5 10. h3 Re8 11. Re1 a5 12. Qc2 Nfd7 13. Be3 Ne5 14. Nce2 Ncd3
15. Red1 Nb4 16. Qc1 c5 17. Nb5 Ned3 18. Qb1 Nxb2 19. Rxd6 Bd7 20. a3 Na6 21.
Rd5 Nxc4 22. Bg5 Qc8 23. Nec3 h6 24. Bf4 g5 25. Bxg5 hxg5 26. Rxg5 Qc6 27. e5
Qh6 28. h4 Nxe5 29. Ne4 f6 30. Nbd6 fxg5 31. hxg5 Qe6 32. Qd1 Bc6 33. Nxe8 Rxe8
34. Rb1 Nf3+ 35. Qxf3 Bxe4 36. Qxe4 Qxe4 37. Bxe4 Rxe4 38. Rxb7 c4 0-1

[Event "November Lviv Tradition (IM-group A)"]
[Site "Lviv"]
[Date "2017.11.07"]
[Round "3.5"]
[White "Bogdanov, Egor"]
[Black "Shpanko, Nadiia"]
[Result "1-0"]
[WhiteElo "2317"]
[BlackElo "2085"]
[PlyCount "57"]
[EventDate "2017.11.06"]
[EventType "tourn"]
[EventRounds "9"]
[EventCountry "UKR"]
[EventCategory "1"]

1. e4 c5 2. c3 Nf6 3. e5 Nd5 4. d4 cxd4 5. Nf3 Nc6 6. cxd4 d6 7. Bc4 dxe5 8.
dxe5 Ndb4 9. Qxd8+ Nxd8 10. Na3 a6 11. O-O Bg4 12. Be2 Ndc6 13. h3 Bf5 14. Rd1
e6 15. Bd2 Bd3 16. Bxd3 Nxd3 17. Bc3 Bxa3 18. Rxd3 Bc5 19. Ng5 Be7 20. Ne4 O-O
21. Rd7 b5 22. Rc1 Rac8 23. Bd2 Rfe8 24. Nd6 Bxd6 25. exd6 Ne5 26. Rxc8 Rxc8
27. Ra7 f6 28. Rxa6 Rc6 29. d7 1-0

[Event "November Lviv Tradition (IM-group A)"]
[Site "Lviv"]
[Date "2017.11.08"]
[Round "4.1"]
[White "Bykovskiy, Oleg"]
[Black "Shpanko, Nadiia"]
[Result "0-1"]
[WhiteElo "2249"]
[BlackElo "2085"]
[PlyCount "104"]
[EventDate "2017.11.06"]
[EventType "tourn"]
[EventRounds "9"]
[EventCountry "UKR"]
[EventCategory "1"]

1. d4 Nf6 2. c4 e6 3. Nc3 Bb4 4. Qc2 O-O 5. a3 Bxc3+ 6. Qxc3 b6 7. Bg5 Bb7 8.
f3 d6 9. Nh3 h6 10. Bh4 c5 11. dxc5 bxc5 12. Bxf6 Qxf6 13. Qxf6 gxf6 14. O-O-O
Rd8 15. e3 Nc6 16. Kc2 Ba6 17. Nf2 Kf8 18. Ne4 Ke7 19. b3 Rab8 20. Kc3 Rb6 21.
Bd3 f5 22. Nd2 Bb7 23. Bc2 Rg8 24. Rhg1 Ba8 25. g4 f4 26. exf4 Nd4 27. Rgf1
Ne2+ 28. Kb2 Nxf4 29. Rfe1 h5 30. gxh5 Rh8 31. Be4 Bxe4 32. Nxe4 Rxh5 33. Rd2
Rxh2 34. Kc3 Rxd2 35. Nxd2 a5 36. Re4 Ng6 37. Re2 Rb8 38. Rh2 Rg8 39. b4 axb4+
40. axb4 cxb4+ 41. Kxb4 Ne5 42. Kc3 Rg1 43. Rf2 Rc1+ 44. Kd4 Rc2 45. Ne4 Rxc4+
46. Ke3 d5 47. Ng3 Rc3+ 48. Ke2 Rc2+ 49. Kf1 Rxf2+ 50. Kxf2 Kd6 51. Ne2 Nc6 52.
f4 d4 0-1

[Event "November Lviv Tradition (IM-group A)"]
[Site "Lviv"]
[Date "2017.11.08"]
[Round "4.2"]
[White "Shkuran, Danylo"]
[Black "Bogdanov, Egor"]
[Result "0-1"]
[WhiteElo "2403"]
[BlackElo "2317"]
[PlyCount "116"]
[EventDate "2017.11.06"]
[EventType "tourn"]
[EventRounds "9"]
[EventCountry "UKR"]
[EventCategory "1"]

1. Nf3 Nf6 2. g3 g6 3. Bg2 Bg7 4. O-O O-O 5. d3 c5 6. e4 d6 7. Nc3 Nc6 8. h3
Rb8 9. Be3 Nd7 10. Qd2 Nd4 11. Bxd4 cxd4 12. Ne2 Qb6 13. c3 dxc3 14. bxc3 Nc5
15. Rfb1 Qa6 16. Ne1 Bd7 17. d4 Na4 18. Nd3 Rfc8 19. Nb4 Qa5 20. Nd5 Kf8 21.
Rb3 e6 22. Ndf4 Rc7 23. Rab1 Nb6 24. Rb4 Nc4 25. Qd1 b6 26. a4 Rbc8 27. Ra1 Kg8
28. h4 Bf8 29. Rbb1 h5 30. Bh3 Bh6 31. Kh2 Bxf4 32. gxf4 e5 33. f5 exd4 34.
Qxd4 Qe5+ 35. Qxe5 dxe5 36. Rg1 Nd2 37. Bg2 Kh7 38. Ra2 Nc4 39. fxg6+ fxg6 40.
f4 Rf8 41. Kg3 Bg4 42. fxe5 Nxe5 43. Rc1 Nd3 44. Rcc2 Ne1 45. Rc1 Nxg2 46. Kxg2
Bf3+ 47. Kg3 Bxe4 48. Nd4 Bd5 49. Re2 Rcf7 50. Rce1 Rf4 51. Re5 Rg4+ 52. Kh3
Bg2+ 53. Kh2 Ba8 54. Re7+ Kh6 55. Rxa7 Rf2+ 56. Kh3 Bg2+ 57. Kh2 Bf3+ 58. Kh3
Rfg2 0-1

[Event "November Lviv Tradition (IM-group A)"]
[Site "Lviv"]
[Date "2017.11.08"]
[Round "4.3"]
[White "Martynkova, Olena"]
[Black "Kryvoruchko, Vita"]
[Result "0-1"]
[WhiteElo "2261"]
[BlackElo "2148"]
[PlyCount "98"]
[EventDate "2017.11.06"]
[EventType "tourn"]
[EventRounds "9"]
[EventCountry "UKR"]
[EventCategory "1"]

1. d4 Nf6 2. c4 c5 3. Nf3 cxd4 4. Nxd4 e5 5. Nb5 d5 6. cxd5 a6 7. N5c3 e4 8.
Nxe4 Nxd5 9. Nbc3 Bb4 10. a3 Ba5 11. b4 Nxc3 12. Qxd8+ Bxd8 13. Nxc3 Bf6 14.
Bb2 Bd7 15. Nd1 Bxb2 16. Nxb2 a5 17. bxa5 Nc6 18. Nc4 Be6 19. e3 Ke7 20. Be2
Bxc4 21. Bxc4 Rxa5 22. Ke2 Ne5 23. Bb3 Rha8 24. Rhc1 b6 25. a4 b5 26. Rc5 Nd7
27. Rg5 g6 28. Rd1 f5 29. Bd5 Rd8 30. axb5 Rxb5 31. Bf3 Rb2+ 32. Kf1 Nc5 33.
Rxd8 Kxd8 34. Bd5 Ke7 35. e4 Nd3 36. g3 Kf6 37. h4 h6 38. Bc4 Rb1+ 39. Ke2 Nc1+
40. Kd2 hxg5 41. hxg5+ Kxg5 42. f4+ Kg4 43. e5 Rb7 44. e6 Rc7 45. Bb5 Nb3+ 46.
Ke3 Nc5 47. Kf2 Nxe6 48. Be2+ Kh3 49. Bf1+ Kh2 0-1

[Event "November Lviv Tradition (IM-group A)"]
[Site "Lviv"]
[Date "2017.11.08"]
[Round "4.4"]
[White "Krzywda, Andrzej"]
[Black "Anwesh, Upadhyaya"]
[Result "1/2-1/2"]
[WhiteElo "2174"]
[BlackElo "2368"]
[PlyCount "77"]
[EventDate "2017.11.06"]
[EventType "tourn"]
[EventRounds "9"]
[EventCountry "UKR"]
[EventCategory "1"]

1. e4 e5 2. Nf3 Nc6 3. Bc4 Bc5 4. c3 Nf6 5. d3 O-O 6. O-O d5 7. exd5 Nxd5 8.
Re1 Bg4 9. h3 Bh5 10. b4 Be7 11. b5 Na5 12. g4 Bg6 13. Nxe5 Bf6 14. Qf3 Nb6 15.
Bf4 Bxe5 16. Rxe5 Naxc4 17. dxc4 Nxc4 18. Rd5 Qe8 19. Nd2 Nxd2 20. Rxd2 Qxb5
21. Bxc7 Rac8 22. a4 Qg5 23. Rd5 Qh4 24. Rd7 Rfe8 25. Rad1 h5 26. R1d4 Qg5 27.
Bf4 Qa5 28. R7d5 Qxc3 29. Qxc3 Rxc3 30. gxh5 Be4 31. Rd8 Rxd8 32. Rxd8+ Kh7 33.
Be3 Ra3 34. Rd7 Ra1+ 35. Kh2 Rh1+ 36. Kg3 Rxh3+ 37. Kxh3 Bf5+ 38. Kh4 Bxd7 39.
a5 1/2-1/2

[Event "November Lviv Tradition (IM-group A)"]
[Site "Lviv"]
[Date "2017.11.08"]
[Round "4.5"]
[White "Zgadzaj, Rafal"]
[Black "Sevostianov, Pavel"]
[Result "0-1"]
[WhiteElo "2133"]
[BlackElo "2264"]
[PlyCount "102"]
[EventDate "2017.11.06"]
[EventType "tourn"]
[EventRounds "9"]
[EventCountry "UKR"]
[EventCategory "1"]

1. c4 f5 2. g3 Nf6 3. Bg2 e5 4. Nc3 Bb4 5. Qb3 a5 6. a3 Bxc3 7. Qxc3 d6 8. b3
Nc6 9. d3 h6 10. e3 O-O 11. Ne2 Qe8 12. O-O Qh5 13. Ra2 Bd7 14. f4 Rae8 15. b4
axb4 16. axb4 e4 17. b5 Nd8 18. Nd4 Ne6 19. Nxe6 Bxe6 20. Ra7 Bc8 21. Re1 Rf7
22. Bb2 Kh7 23. Ra8 exd3 24. Qxd3 Ne4 25. Qd5 Rfe7 26. Qd4 Qg6 27. Re2 b6 28.
Rb8 Nc5 29. Bc6 Bd7 30. Rxe8 Bxe8 31. Bf3 Bd7 32. Bc1 Bc8 33. Bd5 Bb7 34. Ba3
Bxd5 35. cxd5 Qg4 36. Rg2 Qf3 37. Bxc5 bxc5 38. Qd3 Qxe3+ 39. Qxe3 Rxe3 40. Ra2
Rb3 41. Ra7 Rxb5 42. Rxc7 Rb1+ 43. Kf2 Rd1 44. Ke3 Rxd5 45. h3 Kg6 46. g4 fxg4
47. hxg4 Rd4 48. Kf3 Kf6 49. Rc8 c4 50. Ke3 Rd3+ 51. Kf2 c3 0-1

[Event "November Lviv Tradition (IM-group A)"]
[Site "Lviv"]
[Date "2017.11.08"]
[Round "5.1"]
[White "Anwesh, Upadhyaya"]
[Black "Bykovskiy, Oleg"]
[Result "1-0"]
[WhiteElo "2368"]
[BlackElo "2249"]
[PlyCount "51"]
[EventDate "2017.11.06"]
[EventType "tourn"]
[EventRounds "9"]
[EventCountry "UKR"]
[EventCategory "1"]

1. d4 Nf6 2. c4 c5 3. d5 b5 4. f3 e6 5. e4 Bb7 6. Nh3 bxc4 7. Nc3 e5 8. Bxc4 d6
9. Qe2 Be7 10. a4 O-O 11. a5 h6 12. O-O Bc8 13. Nf2 Nh5 14. g3 Bg5 15. f4 Nxf4
16. gxf4 exf4 17. Nd3 Bh3 18. Rf2 f5 19. Bxf4 Bh4 20. Bg3 Qg5 21. Qf3 Nd7 22.
Qf4 Bxg3 23. hxg3 Qg6 24. Qh4 fxe4 25. Qxh3 exd3 26. Qe6+ 1-0

[Event "November Lviv Tradition (IM-group A)"]
[Site "Lviv"]
[Date "2017.11.08"]
[Round "5.2"]
[White "Sevostianov, Pavel"]
[Black "Krzywda, Andrzej"]
[Result "1/2-1/2"]
[WhiteElo "2264"]
[BlackElo "2174"]
[PlyCount "75"]
[EventDate "2017.11.06"]
[EventType "tourn"]
[EventRounds "9"]
[EventCountry "UKR"]
[EventCategory "1"]

1. e4 c5 2. Ne2 d6 3. d4 cxd4 4. Nxd4 Nf6 5. Nc3 a6 6. a4 e6 7. Be2 Be7 8. a5
O-O 9. O-O Nc6 10. Nb3 Qc7 11. f4 b5 12. axb6 Qxb6+ 13. Kh1 Bb7 14. Bf3 Rfe8
15. Qe2 Nd7 16. Be3 Qc7 17. Qf2 Bf6 18. Na4 Rac8 19. Rfd1 g6 20. Rd2 Bg7 21.
Rad1 Bf8 22. Nb6 Nxb6 23. Bxb6 Qb8 24. c3 Qa8 25. Qe3 Qb8 26. Ra1 Bh6 27. Rad1
Ne5 28. Na5 Nxf3 29. gxf3 e5 30. Rxd6 exf4 31. Qf2 Ba8 32. c4 Bf8 33. c5 f5 34.
Rd7 Qe5 35. c6 Bxc6 36. Nxc6 Rxc6 37. Bd4 Qe6 38. Bc3 1/2-1/2

[Event "November Lviv Tradition (IM-group A)"]
[Site "Lviv"]
[Date "2017.11.08"]
[Round "5.3"]
[White "Kryvoruchko, Vita"]
[Black "Zgadzaj, Rafal"]
[Result "1-0"]
[WhiteElo "2148"]
[BlackElo "2133"]
[PlyCount "53"]
[EventDate "2017.11.06"]
[EventType "tourn"]
[EventRounds "9"]
[EventCountry "UKR"]
[EventCategory "1"]

1. e4 d6 2. d4 g6 3. Nc3 Bg7 4. Be3 a6 5. a4 b6 6. Qd2 Bb7 7. f3 Nd7 8. Nge2 h5
9. h4 Ngf6 10. Nf4 e5 11. Nh3 d5 12. exd5 Nxd5 13. Nxd5 Bxd5 14. O-O-O Bb7 15.
Bc4 O-O 16. Ng5 Qc8 17. Qd3 e4 18. fxe4 Nf6 19. Rhf1 Qg4 20. Rf4 Qxg2 21. Rg1
Qh2 22. Rxf6 Bxf6 23. e5 Kg7 24. exf6+ Kxf6 25. Nxf7 Rg8 26. Nh6 Ke7 27. Nxg8+
1-0